| 000 | 00684nam a2200193 i 4500 | ||
|---|---|---|---|
| 001 | 65814 | ||
| 003 | ES-MaACL | ||
| 005 | 20231226211010.0 | ||
| 007 | t| | ||
| 008 | 040122s1957 sp ||||1| spa d | ||
| 100 | 1 |
_aFuentes Irurozqui, Manuel. _952929 |
|
| 245 | 1 | 3 |
_aEl pensamiento económico de José Antonio Primo de Rivera / _cManuel Fuentes Irurozqui ; prólogo de José Mª Gutiérrez del Castillo. |
| 260 |
_aMadrid : _b[s.n.], _c1957 ( _fDiana) |
||
| 300 |
_a189 p. ; _c21 cm. |
||
| 600 | 1 | 4 |
_aPrimo de Rivera, José Antonio, _d1903-1936 _9142533 |
| 700 | 1 |
_aGutiérrez del Castillo, José María. _961135 |
|
| 852 |
_aES-MaACL _jC-13632 _bR.41324 |
||
| 999 |
_c65814 _d65814 |
||